000 00797nam a2200289 a 4500
003 AR-BaBNM
005 20251128210616.0
008 082120s2002 ||||||||||||||000 | spa||
020 _a0-582-40597-1
040 _cAR-BaBNM
100 1 _aElsworth, Steve
245 0 0 _aNew let's go for EGB!
_bstudents' book. 2 : with activity book
250 _a1ª ed.
260 _aEdinburgh
_bLongman
_c2000
300 _a96 p.
_bil., tablas
500 _aEste texto trae un ejemplar de obsequio: Surfer, de Paul Harvey
521 _aEGB
650 4 _aENSEÑANZA DE IDIOMAS
650 4 _aINGLES
650 4 _aACTIVIDADES DE APRENDIZAJE
650 4 _aLIBROS DE TEXTO
653 _aEDUCACION GENERAL BASICA
700 1 _aRose, Jim
700 1 _aDate, Olivia
942 _cBK
998 _cRAQUEL
999 _c16163
_d16163